Keeping your home (Record no. 120879)

MARC details
000 -LEADER
fixed length control field 00821cai a22001935a 4500
001 - CONTROL NUMBER
control field E151108
008 - FIXED-LENGTH DATA ELEMENTS--GENERAL INFORMATION
fixed length control field 100930u xxk g 000 0 eng d
035 ## - SYSTEM CONTROL NUMBER
System control number (Sirsi) u151108
041 0# - LANGUAGE CODE
Language code of text/sound track or separate title eng
110 2# - MAIN ENTRY--CORPORATE NAME
Corporate name or jurisdiction name as entry element Scottish Legal Aid Board
9 (RLIN) 5882
245 00 - TITLE STATEMENT
Title Keeping your home
Medium [electronic resource]
520 ## - SUMMARY, ETC.
Summary, etc. A website offering advice to home owners and advisors on the subject of repossession in Scotland under The Home Owner and Debtor Protection (Scotland) Act 2010, which comes into force on 30 September 2010.
590 ## - LOCAL NOTE (RLIN)
Local note KA
651 #4 - SUBJECT ADDED ENTRY--GEOGRAPHIC NAME
Geographic name Scotland
Chronological subdivision 1999-
690 ## - LOCAL SUBJECT ADDED ENTRY--TOPICAL TERM (OCLC, RLIN)
Topical term or geographic name as entry element PROPERTY-RESIDENTIAL PROPERTY-ACQUISITION AND DISPOSAL OF RESIDENTIAL PROPERTY
710 2# - ADDED ENTRY--CORPORATE NAME
Corporate name or jurisdiction name as entry element Shelter Scotland
9 (RLIN) 3573
856 40 - ELECTRONIC LOCATION AND ACCESS
Uniform Resource Identifier <a href="https://www.keepingyourhome.co.uk/">https://www.keepingyourhome.co.uk/</a>
Public note View the website free of charge at www.keepingyourhome.co.uk
942 ## - ADDED ENTRY ELEMENTS (KOHA)
Suppress in OPAC 0
Holdings
Withdrawn status Lost status Source of classification or shelving scheme Damaged status Not for loan Home library Current library Shelving location Date acquired Total Checkouts Full call number Barcode Date last seen Copy number Price effective from Koha item type
    Dewey Decimal Classification     Virtual Virtual Online 30/09/2010   WEBSITE 151108-2001 06/08/2019 1 06/08/2019 Online material